00682nam a2200181 i 450000100060000000300090000600500170001500700030003200800410003510000350007624500980011126000480020930000300025770000440028785200310033199900170036295201210037956456ES-MaACL20230906163355.0t|031009s1955 sp ||||1| spa d1 aFenizio, Ferdinando di.94925210aEconomía política / cFerdinando di Fenizio ; traducción y notas por Fabián Estapé. aBarcelona : bBosch, c[1955] (fClarasó) a664 p. : bil. ; c24 cm.1 aEstapé, Fabián (d1923-2012)948011 aES-MaACLjE-1565 bR.37243 c56456d56456 00104070aATENEOMbATENEOMcDEPO2d2008-01-17eSCl0oE-1565p1059294r2023-02-23 00:00:00w2023-02-23yMONOGRAFIA